000 00732nam a2200229 a 4500
999 _c6379
_d6379
001 414
003 BD-DhUAP
005 20201230131041.0
008 201230s1997 bg ab 001 0 eng d
020 _a9840513958
040 _aDLC
_cDLC
_beng
_dBD-DhUAP
082 0 0 _a954.92 JAC
_223
100 1 _aJacob, J. F. R.
_926336
245 1 0 _aSurrender at Dacca :
_bbirth of a nation /
_cJ. F. R. Jacob
260 _aDhaka :
_bThe University Press Ltd. ;
_cc1997.
300 _a263 pages :
_billustrations ;
_c23 cm.
504 _aIncludes bibliographical references and index.
651 0 _aBangladesh
_xHistory
_yRevolution, 1971-
_xCampaign.
_926337
651 0 _aIndia
_xHistory, Military.
_926338
942 _2ddc
_cBK